| 000 | 00480nam a22001577a 4500 | ||
|---|---|---|---|
| 999 |
_c3568 _d3568 |
||
| 008 | 200619b ||||| |||| 00| 0 eng d | ||
| 082 | 0 | 0 |
_a531 _bW4225 |
| 100 |
_9785 _aLamb, John |
||
| 245 | 1 | 0 |
_aPetroleum and its combustion in diesel engines: with special reference to the use of residual fuels _cby John. Lamb |
| 250 | _a1st ed. | ||
| 260 |
_aLondon _bCharles Griffin & Co _c1955 |
||
| 300 | _aviii,264 p. | ||
| 365 | _d20.80 | ||
| 650 | 0 | _aMarine Diesel Motors | |
| 942 | _cBK | ||